Statistics for 2008 Countries with Most Olympic Medals

Click here to take the quiz!

General Stats

  • This quiz has been taken 672 times
  • The average score is 20 of 25

Answer Stats

Number of MedalsCountry% Correct
51 Gold, 21 Silver, 28 BronzeChina
100%
36 Gold, 38 Silver, 36 BronzeUnited States
100%
19 Gold, 13 Silver, 15 BronzeGreat Britain
98%
23 Gold, 21 Silver, 28 BronzeRussia
98%
7 Gold, 16 Silver, 17 BronzeFrance
96%
9 Gold, 6 Silver, 10 BronzeJapan
95%
14 Gold, 15 Silver, 17 BronzeAustralia
93%
16 Gold, 10 Silver, 15 BronzeGermany
93%
8 Gold, 10 Silver, 10 BronzeItaly
92%
5 Gold, 10 Silver, 3 BronzeSpain
91%
3 Gold, 4 Silver, 8 BronzeBrazil
90%
3 Gold, 9 Silver, 6 BronzeCanada
88%
13 Gold, 10 Silver, 8 BronzeSouth Korea
88%
3 Gold, 6 Silver, 1 BronzePoland
78%
7 Gold, 5 Silver, 4 BronzeNetherlands
75%
3 Gold, 1 Silver, 5 BronzeNew Zealand
74%
7 Gold, 5 Silver, 15 BronzeUkraine
74%
3 Gold, 5 Silver, 2 BronzeNorway
68%
3 Gold, 5 Silver, 2 BronzeHungary
67%
6 Gold, 3 Silver, 2 BronzeJamaica
64%
4 Gold, 1 Silver, 3 BronzeRomania
61%
5 Gold, 5 Silver, 4 BronzeKenya
58%
4 Gold, 5 Silver, 10 BronzeBelarus
55%
2 Gold, 11 Silver, 11 BronzeCuba
50%
2 Gold, 4 Silver, 7 BronzeKazakhstan
37%

Score Distribution

Percentile by Number Answered

Percent of People with Each Score

Your Score History

You have not taken this quiz